00726cam a22002417a 450000100090000000300050000900500170001400800410003101000170007202000250008903800110011404000230012505000220014808200180017010000280018824500830021625000120029926000430031130000450035456300090039965000240040870000520043215531151NUST20220301130640.0081121s2006 enka 000 0 eng  a 2008278188 a9780340905869 (pbk.) awaseem aDLCcDLCdDLCdDLC00aRC537b.W545 2006 a616.8527bWIL1 aWilliams, Chris,d1964-10aOvercoming depression and low mood :ba five areas approach /cChris Williams. a2nd ed. aGreat Britain :bHodder Arnold,c2006. a1 v. (various pagings) :bill. ;c30 cm. aPBK. 0aDepression, Mental.1 aWilliams, Chris,d1964-tOvercoming depression.